Statistics for Ariana Grande - god is a woman (lyrics)

Click here to take the quiz!

General Stats

  • This quiz has been taken 1,241 times
  • The average score is 368 of 436

Answer Stats

God Is A Woman% Correct
I
100%
ChorusYou
100%
you
100%
A
99%
a
99%
God
99%
is
99%
woman
99%
be
98%
And
95%
and
95%
believe
95%
It
95%
it
95%
on
95%
to
95%
when
95%
When
95%
love
94%
My
94%
my
94%
done
93%
move
93%
one
93%
how
92%
all
91%
touch
90%
can
88%
feel
87%
midnight
87%
said
87%
that
87%
Outro | Pre-ChorusYeah
85%
yeah
85%
can't
84%
You'll
84%
after
83%
no
83%
the
81%
feelin'
80%
We
80%
me
78%
want
78%
don't
75%
fight
75%
like
75%
tell
75%
know
74%
lingers
74%
we're
74%
time
73%
wanna
73%
waste
71%
ain't
67%
Ain't
67%
things
67%
got
66%
in
66%
way
66%
baby
65%
Baby
65%
boy
64%
Boy
64%
mind
64%
not
64%
track
64%
It's
63%
I'm
61%
i'm
61%
come
59%
keep
59%
take
59%
your
59%
Have
58%
So
57%
told
57%
nobody
56%
should
56%
down
55%
else
55%
relate
55%
any
54%
for
54%
let's
54%
slow
54%
flourishing
53%
pray
53%
try
53%
universe
53%
company
52%
afraid
50%
he
50%
See
50%
see
50%
make
49%
tellin'
48%
lay
46%
get
45%
if
45%
from
44%
last
44%
rest
44%
what
44%
blessed
43%
different
43%
might
42%
you're
42%
hands
41%
confess
39%
next
37%
comes
36%
deserve
36%
Oh
33%
soul
33%
save
32%
But
28%

Score Distribution

Percentile by Number Answered

Percent of People with Each Score

Your Score History

You have not taken this quiz